The Secrets behind the Corporate Culture of the Most Successful American Companies diplomová práca

Saved in:
Bibliographic Details
Main Author: Zelmanová, Natália
Corporate Author: Fakulta aplikovaných jazykov EU v Bratislave. Katedra interkultúrnej komunikácie
Other Authors: Némethová, Ildikó, 1974-
Format: Book
Language:English
Published: Bratislava 2022
Tags: Add Tag
No Tags, Be the first to tag this record!

MARC

LEADER 00000nbm a2200000 4500
001 0284695
005 20230512120817.3
041 0 |a eng 
044 |a SK 
245 1 0 |a The Secrets behind the Corporate Culture of the Most Successful American Companies  |b diplomová práca  |c Natália Zelmanová ; školiteľ: Ildikó Némethová 
264 1 |a Bratislava  |c 2022 
300 |a 118 s. 
100 1 |a Zelmanová, Natália 
700 1 |a Némethová, Ildikó, 1974- 
710 2 |a Fakulta aplikovaných jazykov EU v Bratislave. Katedra interkultúrnej komunikácie